Southville International School and Colleges
Your cart is empty.
  • Cart
  • Lists
    Public lists Eva Luna New books Lux_list list_1
    Your lists Log in to create your own lists
  • Log in to your account
  • Your cookies
  • Search history
Southville International School and Colleges
  • Advanced search
  • Recent comments
  • Most popular
  • Libraries

Log in to your account

Log in with GOOGLE


If you do not have an external account, but do have a local account, you can still log in:

  1. Home
  2. MARC view: Emergency care and first aid for nurses :
Normal view MARC view ISBD view

Emergency care and first aid for nurses : (Record no. 23900)

[ view plain ]
MARC details
000 -LEADER
fixed length control field 00671nam a2200217 a 4500
005 - DATE AND TIME OF LATEST TRANSACTION
control field 20140310183501.0
008 - FIXED-LENGTH DATA ELEMENTS--GENERAL INFORMATION
fixed length control field 100301s19uu xx 00 eng d
020 ## - INTERNATIONAL STANDARD BOOK NUMBER
International Standard Book Number 9780443102080
050 ## - LIBRARY OF CONGRESS CALL NUMBER
Classification number RT 120.E4
Item number .J48 2007
100 ## - MAIN ENTRY--PERSONAL NAME
Personal name Jevon, Philip
245 ## - TITLE STATEMENT
Title Emergency care and first aid for nurses :
Remainder of title a practical guide /
Statement of responsibility, etc Philip Jevon...[et.al].
260 ## - PUBLICATION, DISTRIBUTION, ETC. (IMPRINT)
Place of publication, distribution, etc London :
Name of publisher, distributor, etc Elsevier,
Date of publication, distribution, etc 2007.
300 ## - PHYSICAL DESCRIPTION
Extent 373 p. :
Dimensions 19 cm.
521 ## - TARGET AUDIENCE NOTE
Target audience note
650 ## - SUBJECT ADDED ENTRY--TOPICAL TERM
Topical term or geographic name as entry element Emergency medical services
General subdivision resource guides. 2. First Aid
-- nursing.
700 ## - ADDED ENTRY--PERSONAL NAME
Personal name Bowden, David F.
700 ## - ADDED ENTRY--PERSONAL NAME
Personal name Halliwell, David
700 ## - ADDED ENTRY--PERSONAL NAME
Personal name McMahon, Robin M.
942 ## - ADDED ENTRY ELEMENTS (KOHA)
Koha item type Books
Source of classification or shelving scheme Library of Congress Classification
Call number prefix Foreign
Holdings
Withdrawn status Lost status Source of classification or shelving scheme Damaged status Home library Current library Shelving location Date acquired Source of acquisition Total Checkouts Full call number Barcode Date last seen Copy number Price effective from Koha item type
    Library of Congress Classification   College Library College Library General Circulation Section 03/01/2010 Donation   RT 120.E4 .J48 2007 C11132 05/15/2018 1 03/10/2014 Books

Emergency care and first aid for nurses :

APA

Jevon P., Bowden D. F., Halliwell D. & McMahon R. M. (2007). Emergency care and first aid for nurses. London: Elsevier.

Chicago

Jevon Philip, Bowden David F, Halliwell David and McMahon Robin M. 2007. Emergency care and first aid for nurses. London: Elsevier.

Harvard

Jevon P., Bowden D. F., Halliwell D. and McMahon R. M. (2007). Emergency care and first aid for nurses. London: Elsevier.

MLA

Jevon Philip, Bowden David F, Halliwell David and McMahon Robin M. Emergency care and first aid for nurses. London: Elsevier. 2007.

  • Place hold
  • Print
  • Cite
  • Add to your cart (remove)
  • Save record
    BIBTEX Dublin Core MARCXML MARC (non-Unicode/MARC-8) MARC (Unicode/UTF-8) MARC (Unicode/UTF-8, Standard) MODS (XML) RIS
  • More searches
    Search for this title in:
    Other Libraries (WorldCat) Other Databases (Google Scholar) Online Stores (Bookfinder.com) Open Library (openlibrary.org)

Exporting to Dublin Core...

SOUTHVILLE LIBRARY

Southville International School and Colleges Library

1281 Tropical Ave. Cor. Luxembourg St., BF Homes International, Las Pinas City

Tel. No. 8256374 / 252358 Loc. 117/146

Powered by Koha